Miasta graniczące z Katowicami - Statystyki

Ogólne statystyki
  • Ten quiz został rozwiązany 33 razy
  • Średni wynik to 7 z 9
Statystyki odpowiedzi
Hint Odpowiedź % Poprawnych
- Chorzów
100%
- Sosnowiec
100%
- Tychy
90%
- Mysłowice
83%
- Ruda Śląska
79%
- Siemianowice Śląskie
79%
- Mikołów
69%
- Czeladź
62%
- Lędziny
24%
Nie znaleziono quizów pasujących do podanych kryteriów
Rozkład punktacji
Procent ludzi z każdym wynikiem
Percentyl według liczby udzielonych odpowiedzi
Twoja historia wyników
Nie rozwiązałeś tego quizu